Normal view
MARC view
- Carrizosa Castro, Enrique,
Entry Nombre Personal
001 - NUMERO DE CONTROL
- campo de control: 38207
003 - IDENTIFICADOR DE NUMERO DE CONTROL
- campo de control: UPN
005 - FECHA Y HORA DE LA ÜLTIMA TRANSACCIÓN
- campo de control: 20210219194533.0
008 - DATOS DE LONGITUD FIJA
- campo de control de longitud fija: nabaccnnaabn|||||||||| b |nc|||||d
035 ## - NUMERO DE CONTROL
- Número de control: UPN11000010314
040 ## - FUENTE DE CATALOGACIÓN
- Lenguaje de catalogación: SPA
- Agencia de transcripción: UPN
053 #4 - NÚMERO DE CLASIFICACIÓN LC
- Número de clasificación elemento-número único o número inicial de tramo: PQ8180.13 A7.4
100 1# - ENCABEZAMIENTO - NOMBRE PERSONAL
- Nombre personal: Carrizosa Castro, Enrique,
- Fechas asociadas con el nombre: 1928-
670 ## - FUENTE EN LA QUE SE LOCALIZARON DATOS
- Cita de la fuente: T
- Uniform Resource Identifier: http://www.banrepcultural.org/blaavirtual/todaslasartes/diccioart/diccioart5b.htm
680 ## - NOTA PUBLICA DE ACCESO PÚBLICO
- Frase explicativa de la referencia: Nació en Bogotá. Desde muy niño mostró excelentes disposiciones para el dibujo, es un dibujante que conoce su oficio y maneja la línea con una facilidad asombrosa.
902 ## - CATALOGADOR
- Catalogador: MITM/150216
